<?xml version="1.0" encoding="UTF-8"?>
<record
    xmlns:xsi="http://www.w3.org/2001/XMLSchema-instance"
    xsi:schemaLocation="http://www.loc.gov/MARC21/slim http://www.loc.gov/standards/marcxml/schema/MARC21slim.xsd"
    xmlns="http://www.loc.gov/MARC21/slim">

  <leader>02309nam a2200433 i 4500</leader>
  <controlfield tag="003">KOSZ 005</controlfield>
  <controlfield tag="005">20200616113402.0</controlfield>
  <controlfield tag="008">150323s2002    pl a   f m   |000 0 pol d</controlfield>
  <datafield tag="035" ind1=" " ind2=" ">
    <subfield code="a">2437</subfield>
  </datafield>
  <datafield tag="040" ind1=" " ind2=" ">
    <subfield code="c">KOSZ 005</subfield>
    <subfield code="a">KOSZ 005</subfield>
    <subfield code="d">KOSZ 005/EG</subfield>
  </datafield>
  <datafield tag="041" ind1=" " ind2=" ">
    <subfield code="a">pol</subfield>
  </datafield>
  <datafield tag="046" ind1=" " ind2=" ">
    <subfield code="a">2002</subfield>
  </datafield>
  <datafield tag="080" ind1=" " ind2=" ">
    <subfield code="a">624.131</subfield>
  </datafield>
  <datafield tag="084" ind1=" " ind2=" ">
    <subfield code="a">630000</subfield>
  </datafield>
  <datafield tag="100" ind1="1" ind2=" ">
    <subfield code="a">Abd-El-Regal Osman, Saber Mohamed.</subfield>
    <subfield code="e">Autor</subfield>
  </datafield>
  <datafield tag="245" ind1="1" ind2="0">
    <subfield code="a">Wp&#x142;yw korelacji mi&#x119;dzyparametrowej na bezpiecze&#x144;stwo niekt&#xF3;rych obiekt&#xF3;w geotechnicznych :</subfield>
    <subfield code="b">rozprawa doktorska /</subfield>
    <subfield code="c">Saber Mohamed Abd-El-Regal Osman ; Politechnika Koszali&#x144;ska. Wydzia&#x142; Budownictwa i In&#x17C;ynierii &#x15A;rodowiska.</subfield>
  </datafield>
  <datafield tag="260" ind1=" " ind2=" ">
    <subfield code="a">Koszalin :</subfield>
    <subfield code="b">[s.n.],</subfield>
    <subfield code="c">2002.</subfield>
  </datafield>
  <datafield tag="300" ind1=" " ind2=" ">
    <subfield code="a">253 strony :</subfield>
    <subfield code="b">ilustracje ;</subfield>
    <subfield code="c">30 cm +</subfield>
    <subfield code="e">3 recenzje.</subfield>
  </datafield>
  <datafield tag="336" ind1=" " ind2=" ">
    <subfield code="2">rdacontent</subfield>
    <subfield code="a">Tekst</subfield>
    <subfield code="b">txt</subfield>
  </datafield>
  <datafield tag="337" ind1=" " ind2=" ">
    <subfield code="2">rdamedia</subfield>
    <subfield code="a">Bez urz&#x105;dzenia po&#x15B;rednicz&#x105;cego</subfield>
    <subfield code="b">n</subfield>
  </datafield>
  <datafield tag="338" ind1=" " ind2=" ">
    <subfield code="2">rdacarrier</subfield>
    <subfield code="a">Wolumin</subfield>
    <subfield code="b">nc</subfield>
  </datafield>
  <datafield tag="500" ind1=" " ind2=" ">
    <subfield code="a">Druk jednostronny.</subfield>
  </datafield>
  <datafield tag="502" ind1=" " ind2=" ">
    <subfield code="a">Rozprawa doktorska. Politechnika Koszali&#x144;ska. 2002.</subfield>
  </datafield>
  <datafield tag="504" ind1=" " ind2=" ">
    <subfield code="a">Bibliografia na stronach 155-160.</subfield>
  </datafield>
  <datafield tag="520" ind1=" " ind2=" ">
    <subfield code="a">Celem pracy jest rozpoznanie zwi&#x105;zk&#xF3;w mi&#x119;dzy korelacj&#x105; w zbiorze parametr&#xF3;w stanu obiektu geotechnicznego a bezpiecze&#x144;stwem tego obiektu. Autor analiz&#x119; prowadzi na przyk&#x142;adzie fundamentu bezpo&#x15B;redniego, ale wnioski s&#x105; wa&#x17C;ne tak&#x17C;e dla innych obiekt&#xF3;w, np. &#x15B;ciany oporowej lub zbocza. Zakres pracy obejmuje ponadto wyznaczanie hiperpowierzchni granicznej fundamentu ze wzgl&#x119;du na mo&#x17C;liwo&#x15B;&#x107; wyparcia gruntu, analiz&#x119; jej kszta&#x142;tu w paru podprzestrzeniach dwuwymiarowych, a tak&#x17C;e opracowanie procedury szybkiego numerycznego wyznaczania hiperpowierzchni r&#xF3;wnego bezpiecze&#x144;stwa.</subfield>
  </datafield>
  <datafield tag="650" ind1=" " ind2="0">
    <subfield code="a">Fundamenty.</subfield>
  </datafield>
  <datafield tag="653" ind1=" " ind2=" ">
    <subfield code="a">Geotechnika</subfield>
  </datafield>
  <datafield tag="653" ind1=" " ind2=" ">
    <subfield code="a">Powierzchnia graniczna</subfield>
  </datafield>
  <datafield tag="653" ind1=" " ind2=" ">
    <subfield code="a">Bezpiecze&#x144;stwo</subfield>
  </datafield>
  <datafield tag="658" ind1=" " ind2=" ">
    <subfield code="a">In&#x17C;ynieria i technika</subfield>
  </datafield>
  <datafield tag="655" ind1=" " ind2="4">
    <subfield code="a">Rozprawa doktorska</subfield>
  </datafield>
  <datafield tag="700" ind1="1" ind2=" ">
    <subfield code="a">Haury&#x142;kiewicz, Janusz.</subfield>
    <subfield code="e">Promotor</subfield>
  </datafield>
  <datafield tag="700" ind1="1" ind2=" ">
    <subfield code="a">Werno, Maciej.</subfield>
    <subfield code="e">Recenzja</subfield>
  </datafield>
  <datafield tag="700" ind1="1" ind2=" ">
    <subfield code="a">Brz&#x105;ka&#x142;a, W&#x142;odzimierz.</subfield>
    <subfield code="e">Recenzja</subfield>
  </datafield>
  <datafield tag="700" ind1="1" ind2=" ">
    <subfield code="a">Wysoki&#x144;ski, Lech.</subfield>
    <subfield code="e">Recenzja</subfield>
  </datafield>
  <datafield tag="710" ind1="2" ind2=" ">
    <subfield code="a">Wydzia&#x142; Budownictwa i In&#x17C;ynierii &#x15A;rodowiska (Politechnika Koszali&#x144;ska).</subfield>
  </datafield>
  <datafield tag="942" ind1=" " ind2=" ">
    <subfield code="c">DOK</subfield>
    <subfield code="2">UKD</subfield>
  </datafield>
  <datafield tag="999" ind1=" " ind2=" ">
    <subfield code="c">2437</subfield>
    <subfield code="d">2437</subfield>
  </datafield>
  <datafield tag="952" ind1=" " ind2=" ">
    <subfield code="0">0</subfield>
    <subfield code="1">0</subfield>
    <subfield code="3">3 recenzje</subfield>
    <subfield code="4">0</subfield>
    <subfield code="7">1</subfield>
    <subfield code="a">BPK</subfield>
    <subfield code="b">BPK</subfield>
    <subfield code="c">i</subfield>
    <subfield code="o">RD 059</subfield>
    <subfield code="p">00901000</subfield>
    <subfield code="y">DOK</subfield>
  </datafield>
</record>
